Derechos Humanos desde la perspectiva de género

Guardat en:
Dades bibliogràfiques
Format: Desconegut
Idioma:Spanish
Publicat: Panamá : Programa FLACSO Panamá
Col·lecció:Cuadernos de Ciencias Sociales; n°4
Etiquetes: Afegir etiqueta
Sense etiquetes, Sigues el primer a etiquetar aquest registre!

MARC

LEADER 00000 a2200000 04500
001 46227
003
008 050702s2010 pn spa d
040
020 |a [sin ISBN]  
022 |a [sin ISBN]  
090 |a 1002 F572c  
245 |a Derechos Humanos desde la perspectiva de género  
260 |a Panamá :   |b Programa FLACSO Panamá  
300 |a 74 páginas  
440 |a Cuadernos de Ciencias Sociales;   |v n°4  
999 |c 10603  |d 10603